Personnel economics

Αποθηκεύτηκε σε:
Λεπτομέρειες βιβλιογραφικής εγγραφής
Κύριος συγγραφέας: Lazear, Edward P.
Μορφή: Βιβλίο
Γλώσσα:English
Δημοσίευση: Cambridge : Mass : MIT Press, c1995
Σειρά:The Wicksell lectures
Θέματα:
Ετικέτες: Προσθήκη ετικέτας
Δεν υπάρχουν, Καταχωρήστε ετικέτα πρώτοι!

MARC

LEADER 00000nam a2200000 i 4500
001 1/78350
008 050609s1995 eng d
020 |a 0-262-12188-3 
035 |l 10078479 
040 |a GR-MY-UA  |b gre  |e aacr 
041 0 |a eng 
082 0 |a 658.3  |2 (22) 
100 1 |a Lazear, Edward P. 
245 1 0 |a Personnel economics /  |c Edward P. Lazear 
260 |a Cambridge :   |a Mass :   |b MIT Press,   |c c1995 
300 |a 170 σ.;  |b σχ.;  |c 24 εκ. 
490 1 |a The Wicksell lectures 
504 |a Περιλαμβάνει βιβλιογραφία και ευρετήριο 
650 0 0 |a Personnel management. 
650 0 0 |a Economics. 
830 0 |a The Wicksell lectures 
852 |a INST  |b CHIOS  |e 20050609  |h 658.3 LAZ  |p 005200021693  |q 005200021693  |t BK  |y 0 
901 |a BIBL2-2005-2 
909 |a Χ  |b 118775 
920 |a ΔΙΕΥΡΥΝΣΗ  |b ΕΠΕΑΕΚ-ΤΜΟΔ  |y ΧΙΟΣ  |z 2004-12 
970 |a ΧΑΖΙΡΗ  |b ΑΝΝΑ  |z 2005/06/09